| 000 | 01167nam a22002537a 4500 | ||
|---|---|---|---|
| 999 |
_c22110 _d22110 |
||
| 003 | AR-CdUCM | ||
| 008 | 190425b ||||| |||| 00| 0 spa d | ||
| 040 |
_aMUNICIPALIDAD PROVINCIAL DEL CUSCO _cBIBLIOTECA MUNICIPAL DEL CUSCO |
||
| 082 | _aSieteculebras/N°17/2003 | ||
| 245 |
_aSiete culebras : _bRevista de cultura andina / _cMario Guevara Paredes, Director |
||
| 260 |
_aCusco : _bSieteculebras, _c2003. |
||
| 300 |
_a58 páginas. : _bilustraciones ; _c30 cm. |
||
| 440 |
_aRevista Siete Culebras. _nnoviembre 2002, enero 2003, N°17 _947460 |
||
| 505 | _aContenido: literatura peruana. Juan Alberto Osorio. -- Poesía. Feliciano Mejía. -- La novela de la revolución mexicana. Clary Loisel. -- Una jovencita andina en la poesía de Westphalen. Paolo de Lima. -- La fiesta del lenguaje en la narrativa de Vargas Llosa. Mario Pantoja. ... | ||
| 650 |
_aLiteratura cusqueña _947453 |
||
| 650 |
_aNarradores cusqueños _931142 |
||
| 650 |
_aLiteratos cusqueños _944145 |
||
| 650 |
_aArqueología cusqueña _99322 |
||
| 650 |
_aPoesía _947456 |
||
| 700 |
_aGuevara Paredes, Mario _96574 |
||
| 700 |
_aLoisel, Clary _947461 |
||
| 942 |
_2ddc _cPP |
||
| 945 | _arac | ||